000 00571nam a2200193Ia 4500
003 GCL
008 140319s9999 xx 000 0 ara d
040 _aGCL /
_cGCL
082 0 4 _a658.3
_bك ت
100 1 _aكينات, كيت
245 1 0 _aتفهم تصرفات الموظفين /
_cكينات, كيت
300 _a63 ص
490 _aسلسلة الدليل الادارى
_v0
650 0 4 _aالعلاقات الانسانية
650 0 4 _aالادارة
650 0 4 _aالسلوك الاجتماعى
650 0 4 _aادارة الافراد
942 _2ddc
_cBK
999 _c49741
_d49741